000 00797nam a2200229Ia 4500
003 OSt
005 20220923220810.0
006 a|||||r|||| 00| 0
007 ta
008 220922b |||||||| |||| 00| 0 hin d
024 _a190,559
037 _cTextual
040 _aARTS
_cARTS
_bhin
041 _2hin
_ahin
082 _aR6, 152K4
100 _aबंद्योपाध्याय, हरिदास
_9164630
245 0 _aभारतीय दर्शन की मर्मकथा, अनु हरिवंशराय शर्मा
246 _aBhāratīya darshan kī marmakathā, anu0 harivansharāya sharmā
260 _c1964
942 _hR6, 152K4
_cTEXL
_2CC
999 _c343334
_d343334